Sports Quiz

Random Sports Quiz

Invisible nPower Championship Football Teams 2011/2012 Quiz Stats

 Plays Quiz not verified by Sporcle

Score 0/24 Timer 06:00
0 Plays Today
Team % Correct
Birmingham City
85.4%
West Ham United
84.3%
Brighton and Hove Albion
83.1%
Barnsley
79.8%
Portsmouth
79.8%
Reading
79.8%
Blackpool
78.7%
Leeds United
78.7%
Doncaster Rovers
77.5%
Nottingham Forest
77.5%
Southampton
77.5%
Burnley
76.4%
Team % Correct
Coventry City
76.4%
Cardiff City
75.3%
Hull City
75.3%
Middlesbrough
75.3%
Bristol City
74.2%
Watford
74.2%
Derby County
73%
Ipswich Town
73%
Leicester City
73%
Crystal Palace
71.9%
Millwall
70.8%
Peterborough United
60.7%

You're not logged in!

Compare scores with friends on all Sporcle quizzes.
OR
Log In

Show Comments

Extras

Top Quizzes Today


Score Distribution

Your Account Isn't Verified!

In order to create a playlist on Sporcle, you need to verify the email address you used during registration. Go to your Sporcle Settings to finish the process.

Report this User

Report this user for behavior that violates our Community Guidelines.

Details: